000 00336pab a2200157 454500
008 180718b2014 xxu||||| |||| 00| 0 eng d
100 _aJain, Yogesh et al
245 _aEnsuring a civil life
260 _c2014
300 _ap.33-37.
362 _aSep
650 _aTribes
773 _aSeminar
908 _aN
909 _a105394
999 _c105389
_d105389